Systémový prístup k informatizácii ekonomických objektov

Salvato in:
Dettagli Bibliografici
Autore principale: Grell, Michal
Natura: Capitolo di libro
Lingua:slovacco
Tags: Aggiungi Tag
Nessun Tag, puoi essere il primo ad aggiungerne!!

MARC

LEADER 00000naa$a2200000$$$4500
001 0116579
005 20230912072332.3
041 0 |a slo 
044 |a SK 
245 1 0 |a Systémový prístup k informatizácii ekonomických objektov  |c Michal Grell 
100 1 |a Grell, Michal